000 01083cam a22002894a 4500
001 13998558
003 OSt
005 20231016111157.0
008 050610s2006 flua b 001 0 eng
010 _a 2005049656
020 _a0849363586 (alk. paper)
040 _aDLC
_cDLC
_dDLC
042 _apcc
050 0 0 _aTJ163.12
_b.M4315 2006
082 0 0 _a621.3 ROB 2006.
_222
100 _aBishop,H.Robert;
_916758
245 0 0 _aMechatronics :
_ban introduction /
_cedited by Robert H. Bishop.
260 _aBoca Raton :
_bTaylor & Francis,
_c2006.
300 _a1 v. (various pagings) :
_bill. ;
_c26 cm.
504 _aIncludes bibliographical references and index.
650 0 _aMechatronics.
_916759
700 1 _aBishop, Robert H.,
_d1957-
_916760
856 4 2 _3Publisher description
_uhttp://www.loc.gov/catdir/enhancements/fy0661/2005049656-d.html
906 _a7
_bcbc
_corignew
_d1
_eocip
_f20
_gy-gencatlg
942 _2ddc
_cB_BANK
999 _c8216
_d8216